Statistics for Taylor Swift Albums in Other Albums Click Quiz

Click here to take the quiz!

General Stats

  • This quiz has been taken 124 times
  • The average score is 21 of 26

Answer Stats

HintAnswer% Correct
I got that ___ lip classic thing that you like04. Red
94%
I'd be a ____ leader02. Fearless
92%
Who is ____ anyway? Like, ew01. Taylor Swift
90%
I've got a list of names and yours is in ___ underlined04. Red
90%
Got a long list of ex-____07. Lover
90%
It feels like a perfect night for breakfast at ____10. Midnights
90%
Small talk, he drives, coffee at ____10. Midnights
88%
I don't like anticipating my face in a ___ flush04. Red
87%
I'm laughing with my ____, making forts under covers07. Lover
87%
I once believed love would be burning ___, but it's golden04. Red
86%
You sit in class next to a ___head named Abigail04. Red
84%
So here's the truth from my ___ lips04. Red
84%
Candle wax and Polaroids on the hardwood floor, you and me for ___09. Evermore
83%
____, you come and pick me up no headlights10. Midnights
83%
A ___ rose grew up out of ice frozen ground04. Red
82%
I'll get older, but your ____ stay my age07. Lover
81%
Dappled with the flickers of light from the dress I wore at _____, leave it all behind10. Midnights
81%
He's not all bad like his ____06. Reputation
77%
You're a ____neck heartbreak04. Red
75%
I want your ____, but I'll be cleaning up bottles with you on New Year's Day10. Midnights
74%
They say she was seen on occasion, pacing the rocks staring out at the ___ sea10. Midnights
65%
And your ____ in the foyer doesn't even know you07. Lover
64%
Cause we were born to be the pawn in every ____ game07. Lover
61%
My mind turns your life into ____08. Folklore
61%
For ____, the lights are so bright but they never blind me09. Evermore
58%
And school ____ laughin' on the porch of their first house07. Lover
57%

Score Distribution

Percentile by Number Answered

Percent of People with Each Score

Your Score History

You have not taken this quiz